| 000 | 00788nam a2200241Ia 4500 | ||
|---|---|---|---|
| 003 | OSt | ||
| 005 | 20220925234811.0 | ||
| 006 | a|||||r|||| 00| 0 | ||
| 007 | ta | ||
| 008 | 220923b |||||||| |||| 00| 0 eng d | ||
| 037 | _cGeneral Book | ||
| 040 |
_aRTL _cRTL _beng |
||
| 041 |
_2eng _aeng |
||
| 082 | _aV2,4N21:8.N78, L8 | ||
| 245 | 0 | _aDocuments of the eleventh congress of the Communist Party of India Bhakna Nagar, Bhatinda31-March to 7 April 1978 | |
| 260 |
_a New Delhi _bCommunist Party Publication India _c1978 |
||
| 300 |
_aviii, 391p _ccm. |
||
| 490 | _aCommunist Party of India.No.11:July1978(C 260) | ||
| 500 | _aIndex:P.389-91 | ||
| 650 |
_aPolitical Parties _9227152 |
||
| 942 |
_hV2,4N21:8.N78, L8 _cGB _2CC |
||
| 999 |
_c596315 _d596315 |
||